| 000 | 02524nam a2200277 a 4500 | ||
|---|---|---|---|
| 001 | 0000031532 | ||
| 003 | CO-CtgCURN | ||
| 005 | 20250329165419.0 | ||
| 008 | 161103s2016 000 0 eng d | ||
| 040 |
_aCO-CtgCURN _bspa _ccoctgcurn |
||
| 082 | 0 |
_aCOP 2016 _bT693 |
|
| 100 | 1 | _aTorres Polo, Jonnathan. | |
| 245 | 1 | 0 |
_aEstudio socioeconomico y de factibilidad de las carreras de tecnologia en contabilidad sistematizada/ contaduria publica con ciclos propedeuticos, en la ciudad de cartagena / _cOneiro Montalvo Yepes; Asesor Guerrero, Miguel. |
| 260 |
_aCartagena de Indias, D.T. : _bCorporacion Universitaria "Rafael Nuñez", _c2016. |
||
| 300 | _a1 CD-Rom. | ||
| 336 | _2rdacontent | ||
| 337 |
_2rdamedia _asin mediacion _bn |
||
| 338 |
_2rdacarrier _avolumen _bnc |
||
| 502 | _aTrabajo de grado (Contador Publico). Corporacion Universitaria "Rafael Nuñez" Facultad de Ciencias Administrativas y Contables. Programa de Contaduria Publica, 2016. | ||
| 520 | _aEl estudio Socio economico tiene como objetivo demostrar la sostenibilidad del Programa de Tecnologia en contabilidad Sistematizada en la Corporacion Universitaria Rafael Nuñez. El documento recopila los aspectos mas relevantes de la situacion actual del pais y de la region, asi como las necesidades socioeconomicas de la region y en especial de la ciudad de Cartagena. Se estudian aspectos tan importantes como son la problematica del empleo, la educacion y el sector salud en la ciudad. Tambien se analizan aspectos importantes para el desarrollo del Programa como la Demanda y la Oferta a nivel general, desde el punto de vista de la educacion, para los programas que ofertan los Programas similares a tecnologia en contabilidad sistematizadas, realizando una comparacion entre las diferentes Universidades e Instituciones que ofrecen el Programa a nivel internacional, nacional, y local en la Ciudad de Cartagena de Indias. Por ultimo se analiza la factibilidad del mismo, mostrando este analisis una buena oportunidad para la CURN, quien haciendo uso de los recursos que posee se le permitira ampliar el radio de accion en la ciudad y la region. | ||
| 650 | 0 |
_aContaduria pública _xTesis y Disertaciones academicas. |
|
| 700 | 1 | _aMontalvo Yepes, Oneiro. | |
| 856 |
_uhttps://unicurn.sharepoint.com/:b:/s/biblioteca/EWs_1CPk9YBHgbFMbhJdqzoBdrcEYaY3emPjwo993qz42Q?e=NkqfY1 _zClick aqui para ver el recurso en texto completo |
||
| 942 |
_hCOP 2016 _iT693 _2ddc _cTG |
||
| 999 |
_c3199 _d3199 |
||